History and government : (Record no. 11614)
[ view plain ]
| 000 -LEADER | |
|---|---|
| fixed length control field | 00681cam a22002172 4500 |
| 001 - CONTROL NUMBER | |
| control field | 0000025106 |
| 005 - DATE AND TIME OF LATEST TRANSACTION | |
| control field | 20151217154514.0 |
| 008 - FIXED-LENGTH DATA ELEMENTS--GENERAL INFORMATION | |
| fixed length control field | 141127s xx 000 0 eng d |
| 020 ## - INTERNATIONAL STANDARD BOOK NUMBER | |
| International Standard Book Number | 9966100849 : |
| 040 ## - CATALOGING SOURCE | |
| Original cataloging agency | KABU |
| Transcribing agency | KABU |
| 245 10 - TITLE STATEMENT | |
| Title | History and government : |
| Remainder of title | students' book. |
| 250 ## - EDITION STATEMENT | |
| Edition statement | 4th ed. |
| 260 ## - PUBLICATION, DISTRIBUTION, ETC. (IMPRINT) | |
| Place of publication, distribution, etc. | Nairobi : |
| Name of publisher, distributor, etc. | Kenya Literature Bureau, |
| Date of publication, distribution, etc. | 2011. |
| 300 ## - PHYSICAL DESCRIPTION | |
| Extent | 4 vols. (various paging). |
| 650 #0 - SUBJECT ADDED ENTRY--TOPICAL TERM | |
| Topical term or geographic name as entry element | History. |
| -- | 0000148766 |
| 710 2# - ADDED ENTRY--CORPORATE NAME | |
| Corporate name or jurisdiction name as entry element | Kenya. |
| Subordinate unit | Ministry of Education. |
| -- | 0000170496 |
| 852 1# - LOCATION | |
| -- | p406 KES |
| 852 1# - LOCATION | |
| -- | p445 KES |
| 908 ## - PUT COMMAND PARAMETER (RLIN) | |
| Put command parameter | 141127 |
| 950 ## - LOCAL HOLDINGS (RLIN) | |
| -- | 1 |
| Withdrawn status | Lost status | Source of classification or shelving scheme | Not for loan | Home library | Current library | Date acquired | Total Checkouts | Total Renewals | Full call number | Barcode | Date last seen | Date last checked out | Price effective from | Koha item type |
|---|---|---|---|---|---|---|---|---|---|---|---|---|---|---|
| Library of Congress Classification | Kabarak, Main Campus | Kabarak, Main Campus | 17/12/2015 | 132 | 6 | D20 .K46 2011 Bk1 c. 1 | 016758 | 11/01/2025 | 26/11/2024 | 17/12/2015 | General Collection | |||
| Library of Congress Classification | Kabarak, Main Campus | Kabarak, Main Campus | 17/12/2015 | 247 | 4 | D20 .K46 2011 Bk3 c. 1 | 016760 | 04/07/2025 | 04/07/2025 | 17/12/2015 | Reserve Collection | |||
| Library of Congress Classification | Kabarak, Main Campus | Kabarak, Main Campus | 17/12/2015 | 97 | 6 | D20 .K46 2011 Bk2 c. 1 | 016759 | 04/07/2025 | 04/07/2025 | 17/12/2015 | General Collection | |||
| Library of Congress Classification | Kabarak, Main Campus | Kabarak, Main Campus | 17/12/2015 | 138 | 1 | D20 .K46 2011 Bk4 c. 1 | 016761 | 13/03/2026 | 26/02/2026 | 17/12/2015 | General Collection |